[Event "Foment Martinenc op-B 23rd"]
[Site "Barcelona"]
[Date "2023.05.06"]
[Round "3"]
[White "Gonzalez Moreno, Antoni"]
[Black "Morales Rubiella, Albert"]
[Result "0-1"]
[WhiteElo "1645"]
[BlackElo "1415"]
[PlyCount "90"]
[EventDate "2023.04.22"]
[EventType "swiss"]
[EventRounds "9"]
[EventCountry "ESP"]
[SourceTitle "EXT 2024"]
[Source "ChessBase"]
[SourceDate "2023.10.10"]
[SourceVersion "1"]
[SourceVersionDate "2023.10.10"]
[SourceQuality "1"]

1. c4 Nf6 2. Nc3 e6 3. g3 d5 4. cxd5 exd5 5. d4 c6 6. Bg2 Bb4 7. Bd2 0-0 8. Nf3 Nbd7 9. 0-0 Bd6 10. e3 Re8 11. Rc1 Nb6 12. Nb1 Nc4 13. b3 Nxd2 14. Qxd2 Ne4 15. Qb2 Bf5 16. Nfd2 Nxd2 17. Qxd2 Qe7 18. Qb2 h5 19. Qe2 Bg4 20. Qd3 g6 21. Rce1 Bf5 22. Qe2 h4 23. g4 Bxb1 24. Rxb1 Kg7 25. h3 Qf6 26. Qd3 Bc7 27. Rbe1 Qd6 28. f4 g5 29. Qd2 gxf4 30. exf4 Rxe1 31. Qxe1 Bb6 32. Qd2 Qf6 33. Rd1 Rc8 34. b4 Re8 35. Kf2 Re6 36. f5 Re8 37. Qf4 Qe7 38. Qd2 Bc7 39. g5 Qd6 40. Qc3 Qf4+ 41. Qf3 Qg3+ 42. Qxg3 Bxg3+ 43. Kf3 Re4 44. Rd3 Rf4+ 45. Ke2 Rf2+ 0-1

[Event "Roncana op-A 13th"]
[Site "Santa Eulalia de Roncana"]
[Date "2019.10.12"]
[Round "3"]
[White "Gonzalez Moreno, Antoni"]
[Black "Collazo Gibanel, Sergio"]
[Result "0-1"]
[WhiteElo "1696"]
[BlackElo "1690"]
[PlyCount "80"]
[EventDate "2019.09.28"]
[EventType "swiss"]
[EventRounds "8"]
[EventCountry "ESP"]
[SourceTitle "CBM 193 Extra"]
[Source "ChessBase"]
[SourceDate "2020.01.31"]
[SourceVersion "1"]
[SourceVersionDate "2020.01.31"]
[SourceQuality "1"]

1. c4 Nf6 2. Nc3 g6 3. g3 Bg7 4. Bg2 0-0 5. e3 d6 6. Nge2 e5 7. 0-0 c6 8. b3 Bg4 9. Bb2 Qd7 10. d3 Na6 11. Qd2 Bh3 12. d4 Bxg2 13. Kxg2 e4 14. a3 Nc7 15. d5 c5 16. f3 exf3+ 17. Rxf3 Rfe8 18. Raf1 Qe7 19. Nd1 Ne4 20. Qc2 f5 21. Bxg7 Qxg7 22. Nec3 Nxc3 23. Nxc3 Qe5 24. Re1 Re7 25. e4 Ne8 26. Re2 fxe4 27. Rxe4 Qg7 28. Qe2 Re5 29. Rxe5 dxe5 30. Re3 Nd6 31. Rxe5 Rf8 32. Nd1 Nf5 33. Re8 Nd4 34. Rxf8+ Qxf8 35. Qe3 Qf5 36. Nf2 Kf7 37. Ne4 Kg7 38. Nxc5 Nc2 39. Qc3+ Kh6 40. Qf3 Ne1+ 0-1

[Event "Roncana op-A 13th"]
[Site "Santa Eulalia de Roncana"]
[Date "2019.10.05"]
[Round "2"]
[White "De Lomas Busquets, Alba"]
[Black "Gonzalez Moreno, Antoni"]
[Result "1/2-1/2"]
[WhiteElo "1524"]
[BlackElo "1696"]
[PlyCount "59"]
[EventDate "2019.09.28"]
[EventType "swiss"]
[EventRounds "8"]
[EventCountry "ESP"]
[SourceTitle "CBM 193 Extra"]
[Source "ChessBase"]
[SourceDate "2020.01.31"]
[SourceVersion "1"]
[SourceVersionDate "2020.01.31"]
[SourceQuality "1"]

1. d4 d5 2. Nf3 Nf6 3. e3 Bg4 4. Be2 e6 5. Ne5 Bxe2 6. Qxe2 c6 7. Nd2 Bd6 8. f4 Nbd7 9. 0-0 0-0 10. b3 Rc8 11. a3 c5 12. c4 cxd4 13. exd4 dxc4 14. Nxd7 Qxd7 15. Nxc4 Bb8 16. Bb2 Qd5 17. a4 b5 18. axb5 Qxb5 19. Rf3 Nd5 20. g3 Ne7 21. Ba3 Qd7 22. Rd3 Rfe8 23. Bxe7 Rxe7 24. Rd2 Qd5 25. Ra5 Qd8 26. Ra1 Rd7 27. Rad1 Rd5 28. Ne3 Rd6 29. Nc4 Rd5 30. Ne3 1/2-1/2

[Event "Barcelona Sant Marti op-B 20th"]
[Site "Barcelona"]
[Date "2018.07.21"]
[Round "9"]
[White "Santos Ramos, Carlos"]
[Black "Gonzalez Moreno, Antoni"]
[Result "0-1"]
[WhiteElo "1866"]
[BlackElo "1667"]
[PlyCount "74"]
[EventDate "2018.07.13"]
[EventType "swiss"]
[EventRounds "9"]
[EventCountry "ESP"]
[SourceTitle "EXT 2019"]
[Source "ChessBase"]
[SourceDate "2018.10.10"]
[SourceVersion "1"]
[SourceVersionDate "2018.10.10"]
[SourceQuality "1"]

1. d4 d5 2. Bf4 Bf5 3. Nf3 Nf6 4. h3 h6 5. e3 e6 6. Be2 Bd6 7. Ne5 c6 8. 0-0 Qc7 9. Bh2 Nbd7 10. f4 0-0 11. Nd2 Ne4 12. c4 c5 13. Rc1 f6 14. Nef3 Qb6 15. cxd5 exd5 16. Nh4 Bh7 17. Nb3 c4 18. Nd2 Qxb2 19. Nxe4 Bxe4 20. Rf2 Ba3 21. Rxc4 Rac8 22. Rxc8 Rxc8 23. Qa4 Nb6 24. Qxa7 Rc2 25. Bg3 Rxe2 26. Rxe2 Qxe2 27. Qxa3 Nc4 28. Qa8+ Kh7 29. f5 Nxe3 30. Qe8 Bxf5 31. Qf7 Be4 32. Bd6 Qe1+ 33. Kh2 Qxh4 34. g3 Nf1+ 35. Kg1 Qxh3 36. Kf2 Qg2+ 37. Ke1 Bd3 0-1

[Event "Barcelona Sant Marti op-B 19th"]
[Site "Barcelona"]
[Date "2017.07.21"]
[Round "9"]
[White "Gonzalez Moreno, Antoni"]
[Black "Husson, Cybele"]
[Result "1-0"]
[WhiteElo "1734"]
[BlackElo "1870"]
[PlyCount "83"]
[EventDate "2017.07.13"]
[EventType "swiss"]
[EventRounds "9"]
[EventCountry "ESP"]
[SourceTitle "EXT 2018"]
[Source "ChessBase"]
[SourceDate "2017.10.13"]
[SourceVersion "1"]
[SourceVersionDate "2017.10.13"]
[SourceQuality "1"]

1. c4 g6 2. Nc3 Bg7 3. g3 d6 4. Bg2 e5 5. e3 Nd7 6. Nge2 Ne7 7. b3 0-0 8. 0-0 Nc5 9. d4 Ne6 10. Bb2 f6 11. Qc2 Rb8 12. Rad1 Bd7 13. b4 b6 14. f4 exf4 15. exf4 Nf5 16. Bc1 Qc8 17. d5 Nd8 18. Nd4 Re8 19. Nxf5 Bxf5 20. Qd2 Nf7 21. Rde1 Qd7 22. Nb5 a6 23. Nd4 h5 24. Rf2 Bh6 25. Rfe2 Bg4 26. Bf3 Ne5 27. Bxg4 Nxg4 28. Qd3 f5 29. Nc6 Ra8 30. Bb2 Kf7 31. Re7+ Kf8 32. Rxd7 Rxe1+ 33. Kg2 Rae8 34. Rd8 R1e3 35. Rxe8+ Kxe8 36. Qd2 h4 37. Bd4 Re4 38. h3 hxg3 39. hxg4 Rxf4 40. Qe3+ Kf8 41. Qe7+ Kg8 42. Qf6 1-0

[Event "Barcelona Sant Marti op-B 19th"]
[Site "Barcelona"]
[Date "2017.07.15"]
[Round "3"]
[White "Lobo Pereira, Arami"]
[Black "Gonzalez Moreno, Antoni"]
[Result "0-1"]
[WhiteElo "1206"]
[BlackElo "1734"]
[PlyCount "116"]
[EventDate "2017.07.13"]
[EventType "swiss"]
[EventRounds "9"]
[EventCountry "ESP"]
[SourceTitle "EXT 2018"]
[Source "ChessBase"]
[SourceDate "2017.10.13"]
[SourceVersion "1"]
[SourceVersionDate "2017.10.13"]
[SourceQuality "1"]

1. e4 c6 2. Nf3 d5 3. e5 Bg4 4. d4 e6 5. Nc3 Ne7 6. Bd3 Nd7 7. h3 Bh5 8. Be3 Bg6 9. Qd2 Bxd3 10. cxd3 Nf5 11. Bf4 Qb6 12. Be3 Nxe3 13. fxe3 c5 14. Qe2 cxd4 15. exd4 Bb4 16. Qf2 h6 17. 0-0 0-0 18. Ne2 Rac8 19. a3 Be7 20. Ng3 Qb3 21. Rfd1 Rc2 22. Rd2 Rfc8 23. Rb1 Bxa3 24. Rxc2 Rxc2 25. Nd2 Qxd3 26. bxa3 Rxd2 27. Qe1 b6 28. Nf1 Qxd4+ 29. Kh2 Ra2 30. Qc1 Qxe5+ 31. Kh1 Nc5 32. Nd2 Qe2 33. Rb2 Rxb2 34. Qxb2 Nd3 35. Qc3 Nf4 36. Qg3 Qxd2 37. a4 Qxg2+ 38. Qxg2 Nxg2 39. Kxg2 f5 40. Kf3 e5 41. Ke3 Kf7 42. Ke2 Ke6 43. Ke3 d4+ 44. Kd3 Kd5 45. Ke2 e4 46. Ke1 d3 47. Kd2 Kd4 48. a5 e3+ 49. Ke1 Kc3 50. axb6 axb6 51. h4 Kc2 52. h5 d2+ 53. Kf1 d1Q+ 54. Kg2 e2 55. Kh3 e1R 56. Kg2 Re3 57. Kf2 Qd2+ 58. Kf1 Re1# 0-1

[Event "Llinars del Valles op 11th B"]
[Site "Llinars del Valles"]
[Date "2017.05.20"]
[Round "5.31"]
[White "Puente Fernandez, Lucas"]
[Black "Gonzalez Moreno, Antoni"]
[Result "0-1"]
[WhiteElo "1260"]
[BlackElo "1734"]
[PlyCount "48"]
[EventDate "2017.04.22"]
[EventType "swiss"]
[EventRounds "9"]
[EventCountry "ESP"]
[SourceTitle "EXT 2024"]
[Source "ChessBase"]
[SourceDate "2023.10.10"]
[SourceVersion "1"]
[SourceVersionDate "2023.10.10"]
[SourceQuality "1"]

1. d4 d5 2. Nf3 Nf6 3. e3 Bg4 4. Nbd2 c6 5. Bd3 Nbd7 6. b3 e6 7. Bb2 Bd6 8. h3 Bh5 9. 0-0 0-0 10. Qe1 Bg6 11. Ne5 Bxd3 12. cxd3 c5 13. f4 cxd4 14. exd4 Rc8 15. g4 Rc2 16. Rb1 Qb6 17. g5 Bxe5 18. fxe5 Nh5 19. Ba3 Qxd4+ 20. Kh1 Qxd3 21. Bxf8 Rxd2 22. Rf2 Rxf2 23. Rd1 Qxh3+ 24. Kg1 Qg2# 0-1

[Event "Llinars del Valles op 11th B"]
[Site "Llinars del Valles"]
[Date "2017.05.13"]
[Round "4.22"]
[White "Gonzalez Moreno, Antoni"]
[Black "Parra Ordorica, Arnau"]
[Result "0-1"]
[WhiteElo "1734"]
[BlackElo "1261"]
[PlyCount "90"]
[EventDate "2017.04.22"]
[EventType "swiss"]
[EventRounds "9"]
[EventCountry "ESP"]
[SourceTitle "EXT 2024"]
[Source "ChessBase"]
[SourceDate "2023.10.10"]
[SourceVersion "1"]
[SourceVersionDate "2023.10.10"]
[SourceQuality "1"]

1. c4 e5 2. Nc3 Nc6 3. g3 Bc5 4. e3 d6 5. Bg2 Nge7 6. Nge2 Bf5 7. d4 exd4 8. exd4 Bb4 9. a3 Bxc3+ 10. Nxc3 0-0 11. 0-0 Rb8 12. b4 Qd7 13. Bb2 Bg6 14. Ne2 Nf5 15. Nf4 Nce7 16. Qd2 c6 17. Nxg6 hxg6 18. Rfe1 d5 19. cxd5 Nxd5 20. Re2 Rfe8 21. Rae1 Rxe2 22. Rxe2 Re8 23. Qe1 Rxe2 24. Qxe2 Qe7 25. Qxe7 Nfxe7 26. Kf1 Kf8 27. Ke2 Ke8 28. Kd3 Kd7 29. Bc1 Kd6 30. Bd2 b6 31. Kc4 b5+ 32. Kd3 f5 33. h4 Ke6 34. f3 Kd6 35. g4 Ke6 36. Bg5 Kd6 37. Kc2 Ke6 38. Kb3 Nb6 39. Bf4 Ned5 40. Be5 Kf7 41. g5 Nc4 42. Bb8 a6 43. f4 Nce3 44. Bf3 Nc4 45. Be5 Nd2+ 0-1

[Event "Barcelona Sant Marti op-B 18th"]
[Site "Barcelona"]
[Date "2016.07.17"]
[Round "5.48"]
[White "Gonzalez Moreno, Antoni"]
[Black "Tsulaia, Mariam"]
[Result "1/2-1/2"]
[WhiteElo "1822"]
[BlackElo "1588"]
[PlyCount "88"]
[EventDate "2016.07.13"]
[EventType "swiss"]
[EventRounds "9"]
[EventCountry "ESP"]
[SourceTitle "EXT 2024"]
[Source "ChessBase"]
[SourceDate "2023.10.10"]
[SourceVersion "1"]
[SourceVersionDate "2023.10.10"]
[SourceQuality "1"]

1. c4 e5 2. Nc3 Nc6 3. g3 d6 4. Bg2 Nge7 5. e3 Be6 6. b3 Qd7 7. Nf3 h6 8. d4 Bg4 9. Qd2 0-0-0 10. Bb2 g5 11. h3 Bh5 12. g4 Bg6 13. d5 Nb4 14. e4 Na6 15. Qe3 b6 16. a4 Nb4 17. Qd2 Na6 18. Ba3 f6 19. Qe3 Nc5 20. Bxc5 dxc5 21. a5 Kb7 22. Ke2 Bg7 23. Ra2 Ra8 24. Rha1 h5 25. Nh2 h4 26. axb6 axb6 27. Nb5 Rxa2+ 28. Rxa2 Ra8 29. Qd2 Nc8 30. Qb2 Be8 31. Rxa8 Kxa8 32. Nf1 Qe7 33. Nc3 Nd6 34. Ne3 Bd7 35. b4 Nb7 36. b5 Kb8 37. Qa2 Nd6 38. Nf5 Bxf5 39. exf5 Qd7 40. Ne4 Qc8 41. Kd3 Qb7 42. Bf1 Qa7 43. Qxa7+ Kxa7 44. f3 Kb7 1/2-1/2

[Event "Barcelona Sant Marti op-B 18th"]
[Site "Barcelona"]
[Date "2016.07.15"]
[Round "3.38"]
[White "Domenche Redondo, Francesco"]
[Black "Gonzalez Moreno, Antoni"]
[Result "1/2-1/2"]
[WhiteElo "1622"]
[BlackElo "1822"]
[PlyCount "49"]
[EventDate "2016.07.13"]
[EventType "swiss"]
[EventRounds "9"]
[EventCountry "ESP"]
[SourceTitle "EXT 2024"]
[Source "ChessBase"]
[SourceDate "2023.10.10"]
[SourceVersion "1"]
[SourceVersionDate "2023.10.10"]
[SourceQuality "1"]

1. d4 d5 2. c4 e6 3. Nc3 Nf6 4. cxd5 exd5 5. Bg5 c6 6. Qc2 Be7 7. e3 Nbd7 8. Bd3 h6 9. Bh4 0-0 10. Nge2 Re8 11. 0-0 Nh5 12. Bxe7 Qxe7 13. Rac1 Nf8 14. Bf5 Qg5 15. Bxc8 Raxc8 16. Ng3 Ne6 17. Nxh5 Qxh5 18. Qd1 Qf5 19. Qc2 Qf6 20. Qd3 Ng5 21. Rc2 Ne4 22. Rfc1 Nxc3 23. Rxc3 Qe7 24. Rc5 Qd6 25. a3 1/2-1/2

[Event "Barcelona Sant Marti op-B 18th"]
[Site "Barcelona"]
[Date "2016.07.14"]
[Round "2.45"]
[White "Gonzalez Moreno, Antoni"]
[Black "Martinez Navarro, Miquel"]
[Result "1-0"]
[WhiteElo "1822"]
[BlackElo "1587"]
[PlyCount "27"]
[EventDate "2016.07.13"]
[EventType "swiss"]
[EventRounds "9"]
[EventCountry "ESP"]
[SourceTitle "EXT 2024"]
[Source "ChessBase"]
[SourceDate "2023.10.10"]
[SourceVersion "1"]
[SourceVersionDate "2023.10.10"]
[SourceQuality "1"]

1. c4 c5 2. Nc3 Nc6 3. g3 b6 4. Bg2 Bb7 5. Nf3 Nd4 6. e3 Nxf3+ 7. Bxf3 Bxf3 8. Qxf3 g6 9. d4 cxd4 10. exd4 Bg7 11. Be3 e6 12. Nb5 Bf8 13. Qxa8 Bb4+ 14. Ke2 1-0

[Event "Barcelona Sant Marti op-B 18th"]
[Site "Barcelona"]
[Date "2016.07.13"]
[Round "1.41"]
[White "Pera Muntasell, Marc"]
[Black "Gonzalez Moreno, Antoni"]
[Result "1-0"]
[WhiteElo "1450"]
[BlackElo "1822"]
[PlyCount "91"]
[EventDate "2016.07.13"]
[EventType "swiss"]
[EventRounds "9"]
[EventCountry "ESP"]
[SourceTitle "EXT 2024"]
[Source "ChessBase"]
[SourceDate "2023.10.10"]
[SourceVersion "1"]
[SourceVersionDate "2023.10.10"]
[SourceQuality "1"]

1. e4 c6 2. d4 d5 3. Nd2 dxe4 4. Nxe4 Bf5 5. Ng3 Bg6 6. Nf3 Nd7 7. h4 h6 8. h5 Bh7 9. Bd3 Bxd3 10. Qxd3 Qc7 11. Bd2 Ngf6 12. Qe2 e6 13. 0-0-0 0-0-0 14. Ne5 Nxe5 15. dxe5 Nd5 16. c4 Nb4 17. Kb1 Be7 18. Bc3 Qb6 19. f4 Na6 20. Ne4 Qc7 21. Bd4 c5 22. Bc3 Nb8 23. Qf2 b6 24. f5 Rxd1+ 25. Rxd1 Rd8 26. Rxd8+ Qxd8 27. Kc2 Nc6 28. fxe6 fxe6 29. Qf7 Nd4+ 30. Bxd4 Qxd4 31. Qe8+ Qd8 32. Qc6+ Qc7 33. Qxe6+ Qd7 34. Qg8+ Bd8 35. Nd6+ Kb8 36. Nf7 Kc7 37. Qxd8+ Qxd8 38. Nxd8 Kxd8 39. Kd3 Ke7 40. Ke4 Ke6 41. a3 a6 42. a4 a5 43. b3 Ke7 44. Kd5 Kd7 45. e6+ Kc7 46. g3 1-0

[Event "Mataro Vinas Memorial 12th"]
[Site "Mataro"]
[Date "2016.05.14"]
[Round "6"]
[White "Gonzalez Moreno, Antoni"]
[Black "Gomez Avenza, Javier"]
[Result "0-1"]
[WhiteElo "1804"]
[BlackElo "1990"]
[PlyCount "78"]
[EventDate "2016.04.09"]
[EventType "swiss"]
[EventRounds "9"]
[EventCountry "ESP"]
[SourceTitle "EXT 2017"]
[Source "ChessBase"]
[SourceDate "2016.10.25"]
[SourceVersion "1"]
[SourceVersionDate "2016.10.25"]
[SourceQuality "1"]

1. c4 Nf6 2. Nc3 e6 3. Nf3 Be7 4. g3 0-0 5. Bg2 d5 6. cxd5 exd5 7. d4 c6 8. 0-0 h6 9. Qc2 Be6 10. Bd2 Qc8 11. Rac1 Na6 12. a3 Nc7 13. e3 Nce8 14. Ne5 Nd6 15. b3 Qd8 16. Qd1 Bf5 17. f3 Nd7 18. Nxd7 Qxd7 19. Re1 Ne8 20. b4 Nd6 21. e4 dxe4 22. fxe4 Bg4 23. Bf3 Bxf3 24. Qxf3 Nc4 25. Be3 Nxe3 26. Qxe3 Bg5 27. Qd3 Bxc1 28. Rxc1 Rad8 29. d5 Rfe8 30. Rd1 cxd5 31. Nxd5 Qe6 32. Qb5 Qxe4 33. Qxb7 Rc8 34. Rf1 Qd4+ 35. Kh1 Qe4+ 36. Kg1 f5 37. Qb5 Rc2 38. Nf4 Rd8 39. h4 Rdd2 0-1